| 000 | 00000cam 2200000zi 4500 |
| 001 | 9.962725 |
| 003 | CaOODSP |
| 005 | 20260512102941 |
| 006 | m o d f |
| 007 | cr |n||||||||| |
| 008 | 260512e199205##onca o f000 0 eng d |
| 020 | |z0662195736 |
| 040 | |aCaOODSP|beng|erda|cCaOODSP |
| 043 | |an-cn--- |
| 086 | 1 |aH93-104/1992E-PDF|zH93-104/1992E |
| 110 | 1 |aCanada. |bMinister's Task Force on Federal Sport Policy, |eauthor, |eissuing body. |
| 245 | 10|aSport, the way ahead : |bthe report of the Minister's Task Force on Federal Sport Policy. |
| 264 | 1|a[Ottawa] : |bThe Task Force, |cMay 1992. |
| 264 | 4|c©1992 |
| 300 | |a1 online resource (311 pages) : |billustrations |
| 336 | |atext|btxt|2rdacontent |
| 337 | |acomputer|bc|2rdamedia |
| 338 | |aonline resource|bcr|2rdacarrier |
| 500 | |aIssued also in French under title: Le sport, un pas d'avance, rapport du Groupe de travail du Ministre sur la politique fédérale en matière de sport. |
| 500 | |a"Published by the authority of the Minister of State, Fitness and Amateur Sport." |
| 650 | 5|aSports|zCanada. |
| 650 | 0|aSports and state|zCanada. |
| 710 | 1 |aCanada.|bHealth and Welfare Canada. |bFitness and Amateur Sport, |eissuing body. |
| 775 | 08|tLe sport, un pas d'avance : |w(CaOODSP)9.962726 |
| 776 | 0#|tSport: the way ahead: the report of the Minister's Task Force on Federal Sport Policy |w(CaOODSP)9.645087 |
| 856 | 40|qPDF|s69.0 MB|uhttps://publications.gc.ca/collections/collection_2026/pch/H93-104-1992-eng.pdf |